[Event "?"]
[Site "?"]
[Date "2004.03.25"]
[Round "5.33"]
[White "Shmirina, E."]
[Black "Tsiganova, M."]
[Result "1/2-1/2"]
[WhiteElo "2135"]
[BlackElo "2269"]
[PlyCount "106"]
[EventDate "2004.??.??"]

1. e4 c5 2. Nf3 d6 3. d4 cxd4 4. Nxd4 Nf6 5. Nc3 a6 6. Be3 e5 7. Nb3 Be6 8. f3
Be7 9. Qd2 Qc7 10. O-O-O O-O 11. g4 Rc8 12. Kb1 Nbd7 13. g5 Nh5 14. Qf2 g6 15.
Nd5 Bxd5 16. exd5 b5 17. h4 Rcb8 18. Nd2 a5 19. Ne4 a4 20. Ng3 Nf4 21. Ne2 Bf8
22. Nxf4 exf4 23. Bd4 Ne5 24. h5 b4 25. hxg6 hxg6 26. Qh4 Bg7 27. Rd2 b3 28.
cxb3 axb3 29. a3 Ra4 30. Rdh2 Kf8 31. Qxf4 Rxd4 32. Qxd4 Nxf3 33. Rh8+ Ke7 34.
Qe3+ Be5 35. Bd3 Rxh8 36. Rxh8 Qa5 37. Rh1 Qxd5 38. Rc1 Kf8 39. Rd1 Nd4 40. Be4
Qb5 41. Rc1 Ne6 42. Bd3 Qb7 43. Qh3 Ke7 44. Bc4 Qe4+ 45. Qd3 Qg2 46. Qxb3 Nc5
47. Qb6 Qxg5 48. Qa7+ Nd7 49. Bb5 Qf5+ 50. Ka2 Qe6+ 51. Kb1 Qf5+ 52. Ka2 Qe6+
53. Kb1 Qf5+ 1/2-1/2

[Event "?"]
[Site "?"]
[Date "2004.03.25"]
[Round "5.34"]
[White "Makropoulou, M."]
[Black "Bashkite, V."]
[Result "0-1"]
[WhiteElo "2266"]
[BlackElo "2119"]
[PlyCount "94"]
[EventDate "2004.??.??"]

1. e4 e6 2. d4 d5 3. Nc3 dxe4 4. Nxe4 Bd7 5. Nf3 Bc6 6. Bd3 Nd7 7. O-O Ngf6 8.
Ng3 b6 9. Re1 Be7 10. a3 Bb7 11. Qe2 O-O 12. c4 Re8 13. b4 c5 14. dxc5 bxc5 15.
b5 Bd6 16. Bb2 Qc7 17. Ne4 Nxe4 18. Bxe4 Bxe4 19. Qxe4 f5 20. Qc2 Nf6 21. a4
Rad8 22. a5 Ne4 23. h3 Bf4 24. Rxe4 fxe4 25. Qxe4 Qf7 26. b6 axb6 27. axb6 Qf5
28. Qxf5 exf5 29. g3 Bb8 30. Ba3 Rd3 31. Kg2 Rc8 32. Bc1 Rb3 33. Ra8 Rxb6 34.
Bf4 Rf8 35. Be3 Bd6 36. Ra5 Rc6 37. Ne1 f4 38. gxf4 Bxf4 39. Rxc5 Rg6+ 40. Kf3
Bd6+ 41. Ke2 Bxc5 42. Bxc5 Rc8 43. Nd3 Rgc6 44. Be3 Rxc4 45. Nf4 Rf8 46. Ne6
Re8 47. Ng5 Rh4 0-1

[Event "?"]
[Site "?"]
[Date "2004.03.25"]
[Round "5.35"]
[White "Papadopoulou, V."]
[Black "Topel, Z."]
[Result "1-0"]
[WhiteElo "2247"]
[BlackElo "2056"]
[PlyCount "93"]
[EventDate "2004.??.??"]

1. d4 Nf6 2. c4 g6 3. Nc3 Bg7 4. e4 d6 5. Be2 O-O 6. Bg5 c5 7. d5 h6 8. Bf4 b5
9. cxb5 a6 10. a4 Qa5 11. Bd2 e6 12. Nf3 axb5 13. Bxb5 Qb4 14. dxe6 Bxe6 15.
O-O Nxe4 16. Nxe4 Qxe4 17. Bc3 Rd8 18. Re1 Qb7 19. Qd3 Na6 20. Bxg7 Nb4 21. Qd2
Kxg7 22. Rad1 Kh7 23. Qf4 Qc7 24. Qh4 Bb3 25. Re7 Qxe7 26. Qxe7 Bxd1 27. Qxf7+
Kh8 28. Nh4 Bc2 29. Nxg6+ Bxg6 30. Qxg6 d5 31. Qxh6+ Kg8 32. Qg6+ Kf8 33. h4
Ke7 34. Qg7+ Ke6 35. Qh6+ Kf7 36. Qf4+ Ke6 37. Qe3+ Kd6 38. f4 Nc6 39. f5 Nd4
40. Qf4+ Ke7 41. Qg5+ Kd6 42. Qg3+ Ke7 43. Qe5+ Kf7 44. Bf1 Ra7 45. f6 Rad7 46.
Bd3 Rd6 47. Qe7+ 1-0

[Event "?"]
[Site "?"]
[Date "2004.03.25"]
[Round "5.36"]
[White "Yildiz, B."]
[Black "Shaidullina, S."]
[Result "0-1"]
[WhiteElo "2118"]
[BlackElo "2316"]
[PlyCount "138"]
[EventDate "2004.??.??"]

1. e4 c5 2. Nc3 e6 3. g3 d5 4. exd5 exd5 5. Bg2 Nf6 6. d3 d4 7. Ne4 Nxe4 8.
Bxe4 Nd7 9. Ne2 Nf6 10. Bg2 Bd6 11. O-O O-O 12. Bf4 Bg4 13. Bxd6 Qxd6 14. Qd2
Rac8 15. Rfe1 b5 16. h3 Bd7 17. Nf4 Bc6 18. Bxc6 Rxc6 19. Ng2 Nd5 20. Qg5 h6
21. Qg4 f5 22. Qf3 f4 23. g4 Rc7 24. Nh4 Ne7 25. Qe4 Qd5 26. Nf3 Qf7 27. b4 Ng6
28. bxc5 Rxc5 29. Nxd4 f3 30. Nf5 Rxc2 31. a4 b4 32. Qxb4 Qc7 33. Ne7+ Nxe7 34.
Rxe7 Rc1+ 35. Rxc1 Qxc1+ 36. Re1 Qg5 37. Qe7 Qd2 38. Qe3 Qb4 39. Qe4 Qa5 40.
Rc1 Qb6 41. d4 Kh8 42. d5 Qf6 43. Qe3 Rd8 44. Rd1 a5 45. Qc5 Qh4 46. Kh2 Re8
47. d6 Re2 48. Rf1 Rd2 49. Qc8+ Kh7 50. Qf5+ Kg8 51. Qxf3 Rxd6 52. Kg2 Qd8 53.
Qf5 Qe7 54. Qxa5 Rd4 55. Qa8+ Kh7 56. a5 h5 57. Qf3 Qg5 58. Qe3 Qd5+ 59. f3
hxg4 60. a6 gxh3+ 61. Kxh3 Qh5+ 62. Kg2 Qg6+ 63. Kf2 Rh4 64. Qb3 Rh2+ 65. Ke3
Qg5+ 66. Kd3 Qd2+ 67. Kc4 Qf4+ 68. Kb5 Rh5+ 69. Kb6 Qb8+ 0-1

[Event "?"]
[Site "?"]
[Date "2004.03.25"]
[Round "5.37"]
[White "Olarasu, G."]
[Black "Mammadova, N."]
[Result "1-0"]
[WhiteElo "2311"]
[BlackElo "2104"]
[PlyCount "71"]
[EventDate "2004.??.??"]

1. d4 Nf6 2. Nf3 d6 3. g3 g6 4. b3 Bg7 5. Bb2 O-O 6. Bg2 Nc6 7. O-O a6 8. d5
Na5 9. c4 Rb8 10. e4 c5 11. e5 Nd7 12. Qe2 b5 13. cxb5 axb5 14. e6 Nf6 15.
exf7+ Rxf7 16. Ng5 Rf8 17. Ne6 Bxe6 18. Qxe6+ Rf7 19. Nd2 Qc7 20. Nf3 Nb7 21.
Ng5 Nd8 22. Qh3 c4 23. bxc4 Qxc4 24. Rac1 Qe2 25. Nxf7 Qxb2 26. Nxd8 Rxd8 27.
Qe6+ Kf8 28. Rc8 Rxc8 29. Qxc8+ Kf7 30. Re1 Ng8 31. Bh3 Bf8 32. Be6+ Kg7 33.
Bxg8 Kxg8 34. Rxe7 Qd4 35. Qe6+ Kh8 36. Rf7 1-0

[Event "?"]
[Site "?"]
[Date "2004.03.25"]
[Round "5.38"]
[White "Meissner, C."]
[Black "Partac, E."]
[Result "1/2-1/2"]
[WhiteElo "2146"]
[BlackElo "2230"]
[PlyCount "26"]
[EventDate "2004.??.??"]

1. d4 Nf6 2. Nf3 e6 3. g3 b6 4. Bg2 Bb7 5. O-O Be7 6. c4 O-O 7. Nc3 Ne4 8. Qc2
Nxc3 9. Qxc3 c5 10. Qd3 cxd4 11. Ng5 Bxg5 12. Bxg5 Qc8 13. Bxb7 Qxb7 1/2-1/2

[Event "?"]
[Site "?"]
[Date "2004.03.25"]
[Round "5.39"]
[White "Bayrak, A."]
[Black "Hitzgerova, G."]
[Result "0-1"]
[WhiteElo "1898"]
[BlackElo "2190"]
[PlyCount "60"]
[EventDate "2004.??.??"]

1. e4 d6 2. d4 g6 3. Nf3 Bg7 4. Bd3 a6 5. c3 b6 6. O-O Nd7 7. Be3 Bb7 8. Nbd2
Ngf6 9. e5 dxe5 10. dxe5 Nd5 11. e6 fxe6 12. Ng5 Nf8 13. Qc2 Qd7 14. Nxh7 O-O-O
15. Nxf8 Rhxf8 16. Rfe1 Nb4 17. cxb4 Qxd3 18. Qxd3 Rxd3 19. Rab1 Bd5 20. a3 Rf5
21. Re2 Kb7 22. Nf1 Bc4 23. Ng3 Rfd5 24. Ree1 Rb3 25. Rbc1 Bd3 26. Bf4 e5 27.
Bd2 Rxb2 28. Bc3 Rb3 29. Ba1 Rxa3 30. Ne4 Bh6 0-1

[Event "?"]
[Site "?"]
[Date "2004.03.25"]
[Round "5.41"]
[White "Bakalarz, G."]
[Black "Mamedjarova, T."]
[Result "0-1"]
[WhiteElo "2082"]
[BlackElo "2229"]
[PlyCount "114"]
[EventDate "2004.??.??"]

1. d4 d5 2. Nf3 e6 3. Bg5 Nf6 4. Nbd2 Be7 5. c3 O-O 6. e3 c5 7. dxc5 Bxc5 8.
Bd3 Nbd7 9. O-O h6 10. Bh4 Qb6 11. Nb3 Be7 12. Nfd4 Nc5 13. Nxc5 Qxc5 14. Qe2
e5 15. Nf5 e4 16. Nxe7+ Qxe7 17. Bxf6 Qxf6 18. Bc2 Qb6 19. Bb3 Be6 20. Rad1
Rad8 21. Rd4 f5 22. f4 exf3 23. Qxf3 Kh8 24. Qf4 Bg8 25. Rb4 Qc6 26. Ba4 Qc8
27. Bc2 Bh7 28. Rf3 b6 29. Rg3 Qe6 30. Rb5 Rd7 31. a4 a6 32. Rb4 Qf6 33. h4 Re8
34. Bd3 a5 35. Rb5 Rd6 36. h5 Qe5 37. Kf2 Qf6 38. Rf3 Rf8 39. Bc2 Qe6 40. Qd4
Rf7 41. Rf4 Rc7 42. Bd3 Ra7 43. Be2 Bg8 44. Qd3 Bh7 45. Bf3 Rad7 46. g4 fxg4
47. Rf8+ Bg8 48. Bg2 Rf7+ 49. Rxf7 Qxf7+ 50. Kg1 Qxh5 51. e4 Qh4 52. exd5 g3
53. Qe4 Qh2+ 54. Kf1 Rf6+ 55. Ke1 Qg1+ 56. Kd2 Rf2+ 57. Kd3 Bh7 0-1

[Event "?"]
[Site "?"]
[Date "2004.03.25"]
[Round "5.42"]
[White "Roessler, U."]
[Black "Seps, M."]
[Result "0-1"]
[WhiteElo "2221"]
[BlackElo "2078"]
[PlyCount "138"]
[EventDate "2004.??.??"]

1. e4 c5 2. Nf3 d6 3. d4 cxd4 4. Nxd4 Nf6 5. Nc3 a6 6. Bc4 e6 7. Bb3 b5 8. O-O
Bb7 9. Re1 Nbd7 10. Bg5 Nc5 11. f3 Nxb3 12. Nxb3 Be7 13. Qd2 O-O 14. Rad1 Qb6+
15. Be3 Qc7 16. Qf2 Nd7 17. f4 b4 18. Ne2 Bxe4 19. Ng3 Bb7 20. f5 e5 21. f6
Bxf6 22. Nf5 d5 23. Re2 a5 24. Qg3 Kh8 25. Rf1 Rac8 26. Ref2 Rg8 27. Qh3 d4 28.
Bc1 Qb6 29. Nfxd4 exd4 30. Qxd7 Rc7 31. Qf5 a4 32. Nd2 Ba6 33. Re1 d3 34. Nf3
dxc2 35. Be3 Qc6 36. Rc1 b3 37. axb3 axb3 38. Bd4 Bxd4 39. Nxd4 Qb6 40. Qd5 Bc4
41. Qe4 Rd8 42. Re1 h6 43. Nxc2 Bd3 44. Qe3 Qxe3 45. Nxe3 Re8 46. Rd2 Ba6 47.
Kf2 Rce7 48. Rd4 f5 49. g3 g5 50. Rb4 Re6 51. Rd4 Kh7 52. Rd2 Kg6 53. Ng2 Rxe1
54. Nxe1 Re6 55. Nf3 Bc4 56. Nd4 Rf6 57. Ke3 Kh5 58. Rf2 Kg4 59. Nf3 f4+ 60.
gxf4 gxf4+ 61. Kd2 Bd5 62. Nd4 f3 63. Kc3 Kf4 64. Kd2 Ke4 65. Nb5 Bc4 66. Nc3+
Kf4 67. Kc1 Rg6 68. Rd2 Rg1+ 69. Rd1 f2 0-1

[Event "?"]
[Site "?"]
[Date "2004.03.25"]
[Round "5.43"]
[White "Von Herman, B."]
[Black "Chilingirova, P."]
[Result "1-0"]
[WhiteElo "2066"]
[BlackElo "2201"]
[PlyCount "71"]
[EventDate "2004.??.??"]

1. e4 c5 2. Nf3 d6 3. c3 Nf6 4. h3 e5 5. Bd3 Nc6 6. Bc2 d5 7. exd5 Nxd5 8. O-O
Bd6 9. d4 exd4 10. Re1+ Nce7 11. cxd4 O-O 12. Nc3 h6 13. Nh4 Nb4 14. Bb1 cxd4
15. a3 dxc3 16. axb4 Bxb4 17. Qc2 g6 18. bxc3 Bc5 19. Bxh6 Re8 20. Ba2 Nf5 21.
Nxf5 Bxf5 22. Qb2 Qb6 23. Qd2 Rad8 24. Qf4 Bd6 25. Qf3 Qc7 26. g4 Kh7 27. Bg5
f6 28. Bxf6 Rxe1+ 29. Rxe1 Rf8 30. g5 Rxf6 31. gxf6 Be5 32. f7 Kg7 33. h4 Qxc3
34. Qxc3 Bxc3 35. Re8 Bb4 36. Rg8+ 1-0

[Event "?"]
[Site "?"]
[Date "2004.03.25"]
[Round "5.44"]
[White "Melnikova, Y."]
[Black "Apanaviciute, K."]
[Result "0-1"]
[WhiteElo "2171"]
[BlackElo "2041"]
[PlyCount "52"]
[EventDate "2004.??.??"]

1. e4 e5 2. Nf3 Nf6 3. Nxe5 d6 4. Nf3 Nxe4 5. d4 d5 6. Bd3 Be7 7. O-O Nc6 8. c4
Nb4 9. Be2 O-O 10. Nc3 Nf6 11. a3 Nc6 12. c5 Bf5 13. b4 Ne4 14. Qb3 Bf6 15. Be3
Ne7 16. Rfd1 b6 17. c6 Nxc6 18. Nxd5 Be6 19. Bc4 Bg4 20. Nxf6+ Qxf6 21. Bd5
Rae8 22. Qc2 Bxf3 23. gxf3 Qg6+ 24. Bg5 Qxg5+ 25. Kf1 Qxd5 26. fxe4 Rxe4 0-1

[Event "?"]
[Site "?"]
[Date "2004.03.25"]
[Round "5.45"]
[White "Oney, F."]
[Black "Karahaliou, E."]
[Result "1/2-1/2"]
[WhiteElo "1809"]
[BlackElo "2132"]
[PlyCount "128"]
[EventDate "2004.??.??"]

1. d4 Nf6 2. g3 e6 3. c4 c5 4. d5 exd5 5. cxd5 d6 6. Nc3 g6 7. Bg2 Bg7 8. Nf3
O-O 9. O-O Re8 10. Nd2 Nbd7 11. Re1 a6 12. a4 b6 13. e4 Rb8 14. Nc4 Ne5 15.
Nxe5 Rxe5 16. f4 Re8 17. h3 Kh8 18. Qd3 Ng8 19. Be3 Qc7 20. Rad1 b5 21. axb5
axb5 22. e5 dxe5 23. d6 Qd7 24. Bxc5 Bb7 25. Bxb7 Rxb7 26. Kh2 exf4 27. gxf4
Rbb8 28. Rxe8 Rxe8 29. b4 Nf6 30. Nxb5 Nh5 31. Rf1 Kg8 32. Nc7 Rf8 33. Nd5 Rd8
34. Nb6 Qe6 35. Qd5 Qe2+ 36. Rf2 Qe1 37. Qd2 Qe4 38. Re2 Qf3 39. Qe3 Qxf4+ 40.
Qxf4 Nxf4 41. Re7 Ne6 42. d7 Bf6 43. Re8+ Kg7 44. Bd6 g5 45. Rxd8 Bxd8 46. Nd5
Nf8 47. Bxf8+ Kxf8 48. b5 f5 49. Kg3 h5 50. b6 Bxb6 51. Nxb6 Ke7 52. Kf2 Kd8
53. Ke3 f4+ 54. Ke4 Ke7 55. Nd5+ Kxd7 56. Nf6+ Ke7 57. Nxh5 Ke6 58. Ng7+ Kf7
59. Nf5 Kg6 60. Ne7+ Kh5 61. Kf3 Kh4 62. Kg2 f3+ 63. Kh2 g4 64. Nf5+ Kh5
1/2-1/2

[Event "?"]
[Site "?"]
[Date "2004.03.25"]
[Round "5.47"]
[White "Dimovski, A."]
[Black "Cavusoglu, Y."]
[Result "1-0"]
[WhiteElo "2111"]
[BlackElo "2013"]
[PlyCount "73"]
[EventDate "2004.??.??"]

1. e4 c6 2. Nc3 d5 3. Nf3 Bg4 4. h3 Bxf3 5. Qxf3 e6 6. d3 Nf6 7. Bd2 Qc7 8.
O-O-O Nbd7 9. g4 h6 10. h4 O-O-O 11. Bh3 Ne5 12. Qe2 d4 13. Nb1 c5 14. g5 hxg5
15. hxg5 Nfd7 16. Na3 Be7 17. f4 Nc6 18. g6 fxg6 19. Bxe6 a6 20. Qg4 Rxh1 21.
Rxh1 Kb8 22. Qxg6 Nf8 23. Qg4 Nxe6 24. Qxe6 Ka7 25. Qf7 g5 26. f5 Ne5 27. Qg7
Nf3 28. Nc4 Rd7 29. Ba5 Qf4+ 30. Kb1 b6 31. Nxb6 Rb7 32. Nc8+ Ka8 33. Nxe7 Nd2+
34. Bxd2 Qxd2 35. Qg8+ Rb8 36. Qd5+ Ka7 37. Nc6+ 1-0

[Event "?"]
[Site "?"]
[Date "2004.03.25"]
[Round "5.48"]
[White "Fuchs, A."]
[Black "Grossmann, S."]
[Result "0-1"]
[WhiteElo "2099"]
[BlackElo "1977"]
[PlyCount "76"]
[EventDate "2004.??.??"]

1. e4 d6 2. d4 Nf6 3. Nf3 Nxe4 4. Bd3 Nf6 5. O-O g6 6. Re1 Bg7 7. c4 O-O 8. Nc3
Bg4 9. h3 Bxf3 10. Qxf3 Nc6 11. Bg5 Rb8 12. Qe3 Re8 13. Rad1 Qd7 14. d5 Nb4 15.
Bb1 a5 16. a3 Na6 17. Qf3 a4 18. Rd4 Nc5 19. Rh4 c6 20. Re3 cxd5 21. cxd5 Qc7
22. Qf4 Qb6 23. Bh6 Bh8 24. Rg3 Qxb2 25. Qf5 Qb6 26. Be3 Bg7 27. Rxh7 Nxh7 28.
Rxg6 fxg6 29. Qxg6 e6 30. Qxh7+ Kf8 31. dxe6 Rxe6 32. Nd5 Qd8 33. Qf5+ Rf6 34.
Qg4 Qd7 35. Nxf6 Bxf6 36. Bxc5 Qxg4 37. Bxd6+ Kg7 38. hxg4 Rd8 0-1

[Event "?"]
[Site "?"]
[Date "2004.03.25"]
[Round "5.50"]
[White "Schulz, S."]
[Black "Ozturk, K."]
[Result "1/2-1/2"]
[WhiteElo "2079"]
[BlackElo "1957"]
[PlyCount "170"]
[EventDate "2004.??.??"]

1. e4 e5 2. Nf3 Nc6 3. Bc4 Nf6 4. Ng5 d5 5. exd5 Na5 6. Bb5+ c6 7. dxc6 bxc6 8.
Be2 h6 9. Nf3 e4 10. Ne5 Bd6 11. d4 Qc7 12. f4 O-O 13. O-O c5 14. c3 Rb8 15. b3
Rd8 16. Kh1 Nc6 17. Nxc6 Qxc6 18. dxc5 Qxc5 19. Ba3 Qc7 20. Bxd6 Rxd6 21. Qe1
Nd5 22. Bc4 Bf5 23. Na3 Qc5 24. Nc2 Nb6 25. Ne3 Nxc4 26. Nxc4 Rd3 27. Rd1 Rbd8
28. Qe2 Qc8 29. Ne3 Be6 30. c4 Qc5 31. h3 R8d6 32. Ng4 Qf5 33. Nf2 Rxd1 34.
Nxd1 Bc8 35. Ne3 Qe6 36. f5 Qe5 37. Nd5 Bb7 38. Re1 Bxd5 39. cxd5 Rxd5 40. Qxe4
Qxe4 41. Rxe4 Rxf5 42. Re8+ Kh7 43. Re7 a6 44. Ra7 Rf6 45. Rb7 Kg6 46. a4 Kf5
47. Re7 Kg6 48. Kg1 Rb6 49. Re3 Kf6 50. Kf2 Rd6 51. Ke2 h5 52. Re4 g5 53. b4
Kf5 54. Ke3 Rc6 55. Kd3 g4 56. h4 Rd6+ 57. Rd4 Rc6 58. g3 Ke5 59. Rc4 Rd6+ 60.
Kc3 f5 61. Rf4 Rc6+ 62. Kd3 Rd6+ 63. Ke3 Rc6 64. Kd3 Rd6+ 65. Kc3 Rc6+ 66. Kb2
Rd6 67. Kc2 Rc6+ 68. Kd2 Rd6+ 69. Ke2 Rd7 70. Rc4 Rd6 71. Ke3 Re6 72. Kd3 Rd6+
73. Ke3 Re6 74. Rc5+ Kf6+ 75. Kf2 Rd6 76. b5 axb5 77. Rxb5 Rd2+ 78. Kf1 Rd3 79.
Kf2 Rd2+ 80. Kf1 Rd3 81. Kf2 Rd2+ 82. Ke3 Rg2 83. Rb6+ Ke5 84. Rb5+ Kf6 85.
Rb6+ Ke5 1/2-1/2

[Event "?"]
[Site "?"]
[Date "2004.03.25"]
[Round "5.51"]
[White "Cinar, N."]
[Black "Acar, G."]
[Result "1-0"]
[WhiteElo "2092"]
[BlackElo "1888"]
[PlyCount "93"]
[EventDate "2004.??.??"]

1. e4 d6 2. d4 g6 3. Nc3 Nf6 4. g3 Bg7 5. Bg2 c6 6. Nge2 Nbd7 7. O-O Qc7 8. f4
Nb6 9. e5 Nfd7 10. a4 d5 11. f5 gxf5 12. Rxf5 Nxe5 13. Rxe5 Bxe5 14. dxe5 Qxe5
15. Bf4 Qg7 16. Qd4 f6 17. Qd3 e5 18. Bc1 h5 19. a5 Nc4 20. b3 Nd6 21. Ba3 Nf5
22. Rf1 Ne7 23. Nd1 h4 24. Nf2 Bf5 25. Qc3 Qh7 26. Re1 Ng6 27. a6 Rc8 28. axb7
Qxb7 29. Nd4 Bd7 30. Qf3 Kf7 31. Nf5 Bxf5 32. Qxf5 hxg3 33. hxg3 Ne7 34. Qf3 e4
35. Qf4 Ng6 36. Qe3 Rcg8 37. Bb2 Qe7 38. Ra1 c5 39. Ra6 Ne5 40. Qf4 Rh5 41. Kf1
Rhg5 42. g4 Nxg4 43. Nxg4 Rxg4 44. Rxf6+ Ke8 45. Qb8+ Qd8 46. Qe5+ Qe7 47. Re6
1-0

[Event "?"]
[Site "?"]
[Date "2004.03.25"]
[Round "5.52"]
[White "Hielscher, U."]
[Black "Horn, E."]
[Result "0-1"]
[WhiteElo "1974"]
[BlackElo "2051"]
[PlyCount "104"]
[EventDate "2004.??.??"]

1. d4 d5 2. c4 c6 3. cxd5 cxd5 4. Nc3 Nc6 5. Bf4 Nf6 6. e3 Bf5 7. Rc1 e6 8. Nf3
Ne4 9. a3 Bd6 10. Bxd6 Nxd6 11. Ne5 O-O 12. Nxc6 bxc6 13. Qa4 Qb6 14. b4 a5 15.
Na2 Rfc8 16. Qb3 axb4 17. Qxb4 Qxb4+ 18. Nxb4 Rxa3 19. Rxc6 Ra1+ 20. Ke2 Rxc6
21. Nxc6 Kf8 22. f3 Nc4 23. g4 Bg6 24. Kf2 f6 25. Nb4 Rb1 26. Na6 h5 27. Nc5
Ke7 28. Rg1 hxg4 29. Rxg4 Rxf1+ 30. Ke2 Rxf3 31. Rxg6 Rxe3+ 32. Kf2 Kf7 33. Rg1
Rh3 34. Kg2 Ra3 35. Rb1 Ra2+ 36. Kg3 Ra7 37. Re1 Ra3+ 38. Kf2 e5 39. dxe5 fxe5
40. Rb1 Ra2+ 41. Kg3 g6 42. Rf1+ Ke7 43. h4 Ra3+ 44. Kh2 Ne3 45. Rg1 Rc3 46.
Na4 Rc4 47. Nb6 Rxh4+ 48. Kg3 Rg4+ 49. Kf2 Rxg1 50. Kxg1 d4 51. Kf2 Ke6 52. Na4
Kf5 0-1

[Event "?"]
[Site "?"]
[Date "2004.03.27"]
[Round "7.1"]
[White "Arakhamia-Grant, K."]
[Black "Peng, Z."]
[Result "0-1"]
[WhiteElo "2435"]
[BlackElo "2419"]
[PlyCount "70"]
[EventDate "2004.??.??"]

1. e4 e6 2. d4 d5 3. Nc3 Bb4 4. e5 c5 5. a3 Bxc3+ 6. bxc3 Qa5 7. Bd2 Ne7 8. a4
Nbc6 9. Nf3 Bd7 10. Bb5 Qc7 11. O-O Na5 12. Be2 h6 13. Bc1 cxd4 14. cxd4 Nc4
15. c3 Rc8 16. Nd2 Nxd2 17. Bxd2 O-O 18. f4 f6 19. Qb3 Nc6 20. Rae1 Na5 21. Qb4
f5 22. Rf3 Nc4 23. Bc1 Rf7 24. Rg3 a5 25. Qb3 Be8 26. Rh3 Qc6 27. Bd1 b5 28.
axb5 Qxb5 29. Qc2 a4 30. g4 a3 31. Be2 Ra8 32. Qa2 Rb7 33. gxf5 Qb1 34. Bxc4
dxc4 35. Qg2 a2 0-1

[Event "?"]
[Site "?"]
[Date "2004.03.27"]
[Round "7.2"]
[White "Slavina, I."]
[Black "Danielian, E."]
[Result "1/2-1/2"]
[WhiteElo "2413"]
[BlackElo "2428"]
[PlyCount "39"]
[EventDate "2004.??.??"]

1. e4 d5 2. exd5 Qxd5 3. Nf3 Nf6 4. d4 Bg4 5. Be2 e6 6. O-O Qd8 7. c4 Be7 8.
Nc3 O-O 9. h3 Bh5 10. g4 Bg6 11. Ne5 Nbd7 12. Nxg6 hxg6 13. Be3 c5 14. dxc5
Bxc5 15. Bxc5 Nxc5 16. Qxd8 Rfxd8 17. Rfd1 g5 18. b4 Nce4 19. Nxe4 Nxe4 20.
Rxd8+ 1/2-1/2

[Event "?"]
[Site "?"]
[Date "2004.03.27"]
[Round "7.3"]
[White "Kosintseva, N."]
[Black "Cramling, P."]
[Result "0-1"]
[WhiteElo "2425"]
[BlackElo "2488"]
[PlyCount "118"]
[EventDate "2004.??.??"]

1. e4 c5 2. Nf3 e6 3. Nc3 a6 4. g3 b5 5. Bg2 Bb7 6. d3 d6 7. O-O Be7 8. a3 Nf6
9. Ng5 Nc6 10. f4 h6 11. Nh3 Qb6 12. Kh1 Nd4 13. Ne2 Rc8 14. Be3 d5 15. Nf2
dxe4 16. dxe4 Nc6 17. c3 O-O 18. b4 Rfd8 19. Qb3 Qc7 20. Rad1 Nd7 21. f5 exf5
22. Nf4 Nf6 23. Nd5 Nxd5 24. exd5 Ne5 25. Bxc5 Bxc5 26. bxc5 Qxc5 27. Nd3 Nxd3
28. Rxd3 g6 29. Rfd1 Rd6 30. Qb4 Qxb4 31. axb4 Re8 32. Kg1 Re2 33. Kf1 Rc2 34.
Re1 Kf8 35. Re2 Rxe2 36. Kxe2 Ke7 37. Ke3 Rd7 38. Kd4 Kd6 39. Re3 Rd8 40. Re5
Rc8 41. Bf1 Rxc3 42. Rxf5 gxf5 43. Kxc3 Ke5 44. d6 Kxd6 45. Kd4 Be4 46. Be2 f6
47. Bh5 Kc6 48. Bg6 Kb6 49. g4 a5 50. gxf5 Bb1 51. bxa5+ Kxa5 52. Kc5 b4 53.
Bf7 Bxf5 54. Bb3 Bd7 55. Kd6 Ba4 56. Bc4 Bc2 57. Ke6 f5 58. Ke5 Ka4 59. h4 b3
0-1

[Event "?"]
[Site "?"]
[Date "2004.03.27"]
[Round "7.4"]
[White "Stefanova, A."]
[Black "Zielinska, M."]
[Result "1-0"]
[WhiteElo "2478"]
[BlackElo "2414"]
[PlyCount "129"]
[EventDate "2004.??.??"]

1. d4 d6 2. e4 Nf6 3. Nc3 Nc6 4. d5 Nb8 5. f4 c6 6. Be2 g6 7. Be3 Qa5 8. Bf3
Bg7 9. Nge2 cxd5 10. exd5 Bg4 11. Bxg4 Nxg4 12. Bd4 Nf6 13. g4 O-O 14. g5 Nh5
15. Qd2 Nd7 16. Ng3 Qb4 17. O-O-O Bxd4 18. Qxd4 Qxd4 19. Rxd4 Ng7 20. Re1 Rfe8
21. Rc4 Nc5 22. b4 Na6 23. Nb5 Kf8 24. Rce4 Nf5 25. a3 Rad8 26. Kb2 Rd7 27. Rc4
Nxg3 28. hxg3 e6 29. Rd4 Ke7 30. Rde4 Nc7 31. dxe6 Nxe6 32. Nxa7 d5 33. Re5 Kf8
34. Nb5 Red8 35. Nc3 Ng7 36. Rd1 d4 37. Ne4 Nf5 38. Nf6 Rc7 39. Nxh7+ Kg7 40.
Nf6 Rc6 41. Rh1 Rxf6 42. gxf6+ Kxf6 43. g4 Ne3 44. g5+ Kg7 45. Kb3 b6 46. Re4
Nf5 47. a4 Ng3 48. Ree1 Nxh1 49. Rxh1 d3 50. c3 f6 51. Rd1 fxg5 52. fxg5 Kf7
53. c4 Ke6 54. Kc3 Ra8 55. Ra1 Rd8 56. Ra2 Rd7 57. Kd2 Rd4 58. Kc3 Rd8 59. a5
bxa5 60. bxa5 Kf5 61. a6 Kxg5 62. a7 Ra8 63. Kxd3 Kf4 64. Kd4 g5 65. Kd5 1-0

[Event "?"]
[Site "?"]
[Date "2004.03.27"]
[Round "7.7"]
[White "Socko, M."]
[Black "Peptan, C."]
[Result "0-1"]
[WhiteElo "2415"]
[BlackElo "2439"]
[PlyCount "64"]
[EventDate "2004.??.??"]

1. d4 Nf6 2. c4 b6 3. Nc3 Bb7 4. Nf3 e6 5. a3 d5 6. Bg5 h6 7. Bh4 Be7 8. Qc2
O-O 9. e3 Ne4 10. Bxe7 Qxe7 11. cxd5 exd5 12. Bd3 Nd7 13. O-O c5 14. dxc5 bxc5
15. Rfd1 Ndf6 16. Bxe4 dxe4 17. Nd2 Rac8 18. Nc4 Rfd8 19. Qa4 Ba8 20. Qa6 Rb8
21. Rac1 Rd3 22. Na4 Rbd8 23. Rf1 Bd5 24. Na5 Ng4 25. h3 Ne5 26. Rxc5 Rd2 27.
Rc8 Be6 28. Rxd8+ Qxd8 29. Nc5 Nf3+ 30. Kh1 Bxh3 31. Nxe4 Qh4 32. g3 Qxe4 0-1

[Event "?"]
[Site "?"]
[Date "2004.03.27"]
[Round "7.8"]
[White "Zhukova, N."]
[Black "Pogonina, N."]
[Result "1-0"]
[WhiteElo "2462"]
[BlackElo "2382"]
[PlyCount "61"]
[EventDate "2004.??.??"]

1. e4 c5 2. Nc3 Nc6 3. g3 g6 4. Bg2 Bg7 5. d3 d6 6. Be3 e6 7. f4 Nge7 8. Nf3
Nd4 9. O-O O-O 10. e5 dxe5 11. fxe5 Rb8 12. Ne4 b6 13. Nf6+ Bxf6 14. exf6 Nef5
15. Bf4 Nxf3+ 16. Qxf3 Bb7 17. Qf2 Bxg2 18. Kxg2 e5 19. Bg5 h6 20. Qd2 Qd5+ 21.
Kh3 e4 22. dxe4 Qxe4 23. Rae1 Qc6 24. Bxh6 Rfd8 25. Qg5 Nd4 26. Qf4 Re8 27. Bg7
Nf5 28. g4 Rxe1 29. Rxe1 Qd6 30. Bh6 Rd8 31. gxf5 1-0

[Event "?"]
[Site "?"]
[Date "2004.03.27"]
[Round "7.9"]
[White "Stepovaia, T."]
[Black "Kosintseva, T."]
[Result "1/2-1/2"]
[WhiteElo "2374"]
[BlackElo "2447"]
[PlyCount "111"]
[EventDate "2004.??.??"]

1. e4 c5 2. Nc3 d6 3. Nf3 a6 4. d4 cxd4 5. Nxd4 b5 6. g3 Bb7 7. Bg2 Nf6 8. O-O
e5 9. Nf5 g6 10. Ne3 Bg7 11. a4 b4 12. Ncd5 Nxd5 13. Nxd5 a5 14. Be3 Ra6 15.
Re1 O-O 16. Bf1 Bxd5 17. Qxd5 Rc6 18. Rac1 Qc7 19. c3 bxc3 20. Rxc3 Rxc3 21.
bxc3 Nd7 22. Rb1 Nf6 23. Qd3 Qc6 24. Rb5 Ra8 25. f3 h5 26. Qc4 Qxc4 27. Bxc4
Rc8 28. Be2 Rxc3 29. Kf2 Nd7 30. Rxa5 Nc5 31. Ra8+ Kh7 32. a5 Bh6 33. Bxh6 Kxh6
34. a6 Ra3 35. Rd8 Ne6 36. Rxd6 Ra2 37. Kf1 Ra1+ 38. Rd1 Ra3 39. Rd7 Nd4 40.
Bc4 Ra4 41. a7 Nc6 42. Bxf7 Rxa7 43. Rxa7 Nxa7 44. Be8 Nc8 45. Ke2 Nd6 46. Bd7
g5 47. Kd3 Kg6 48. Bc6 h4 49. Bd7 Kf6 50. Kc3 Ke7 51. Bg4 hxg3 52. hxg3 Ne8 53.
Kc4 Kd6 54. Kb5 Nf6 55. Kb6 Ng8 56. Kb5 1/2-1/2

[Event "?"]
[Site "?"]
[Date "2004.03.27"]
[Round "7.10"]
[White "Houska, J."]
[Black "Alexandrova, O."]
[Result "1/2-1/2"]
[WhiteElo "2370"]
[BlackElo "2437"]
[PlyCount "108"]
[EventDate "2004.??.??"]

1. e4 c5 2. Nf3 e6 3. b3 a6 4. Qe2 d5 5. exd5 Qxd5 6. Bb2 Nf6 7. g3 Nc6 8. Bg2
Nd4 9. c4 Nxf3+ 10. Bxf3 Qd8 11. O-O Bd6 12. Rd1 O-O 13. d4 cxd4 14. Bxd4 Qc7
15. Qe3 e5 16. Bb6 Qe7 17. Nc3 Re8 18. Nd5 Nxd5 19. Bxd5 Bg4 20. Bf3 Bxf3 21.
Qxf3 Rac8 22. Rd5 Rc6 23. Qe3 Bc7 24. Bxc7 Rxc7 25. Rad1 h6 26. Qe4 Qe6 27. Rd6
Qc8 28. R1d5 Rce7 29. Qd3 e4 30. Qe3 Qg4 31. Kg2 Re6 32. h3 Qg6 33. Rd7 R6e7
34. R7d6 Re6 35. c5 Qf6 36. Rd4 Qe7 37. R6d5 Qc7 38. b4 R6e7 39. Rd6 a5 40. a3
axb4 41. axb4 Qc8 42. R4d5 Re5 43. Rxe5 Rxe5 44. Qf4 Qe8 45. Rd8 Qxd8 46. Qxe5
Qd3 47. Qb8+ Kh7 48. Qf4 Qd5 49. Qd6 Qc4 50. Qb6 e3 51. fxe3 Qe2+ 52. Kg1 Qxe3+
53. Kg2 Qe2+ 54. Kg1 Qe1+ 1/2-1/2

[Event "?"]
[Site "?"]
[Date "2004.03.27"]
[Round "7.11"]
[White "Gaponenko, I."]
[Black "Sudakova, I."]
[Result "1/2-1/2"]
[WhiteElo "2430"]
[BlackElo "2310"]
[PlyCount "44"]
[EventDate "2004.??.??"]

1. e4 e5 2. Nf3 Nf6 3. Nxe5 d6 4. Nf3 Nxe4 5. d3 Nf6 6. d4 Be7 7. c4 d5 8. Nc3
O-O 9. Be2 dxc4 10. Bxc4 Bg4 11. Be3 Nc6 12. O-O Qd7 13. Re1 a6 14. Be2 Rad8
15. Rc1 Nd5 16. h3 Bh5 17. Qb3 Nxe3 18. fxe3 Na5 19. Qa4 Nc6 20. Qb3 Na5 21.
Qa4 Nc6 22. Qb3 Na5 1/2-1/2